000
00204 a2200097 4500
001
47018
100
_a
Clarke R
245
_a
We All Fall Down
260
_a
London
_b
Allen Lane
_c
090
_c
30086
_d
30086
942
_a
NUST-CAE
_c
M
_c
22321
999
_c
282091
_d
282091